|
|
|
|
| LEADER |
01436nam a22002657a 4500 |
| 001 |
34210 |
| 003 |
BD-DhAAL |
| 005 |
20211125115708.0 |
| 008 |
190124t2017 bg l f001 0 eng d |
| 999 |
|
|
|c 40387
|d 40387
|
| 040 |
|
|
|a BD-DhAAL
|
| 082 |
0 |
0 |
|a 346.549202
|2 22
|
| 245 |
1 |
4 |
|a The contract act, 1872 (as modified up to October, 2017) /
|c Ministry of Law, Justice and Parliamentary Affairs, Government of the People's Republic of Bangladesh
|
| 260 |
|
|
|a Dhaka :
|b Ministry of Law, Justice and Parliamentary Affairs, Government of the People's Republic of Bangladesh,
|c 2017
|
| 300 |
|
|
|a 83 pages ;
|c 24 cm.
|
| 504 |
|
|
|a Includes bibliographical references.
|
| 526 |
|
|
|a SOL
|
| 541 |
|
|
|e 34210, 34211
|a Development Book Agency
|
| 650 |
|
0 |
|a Contracts
|z Bangladesh.
|9 21673
|
| 650 |
|
0 |
|a Law.
|9 43164
|
| 710 |
|
|
|a Government of the People's Republic of Bangladesh,
|b Justice and Parliamentary Affairs,
|b Ministry of Law
|9 29782
|
| 852 |
4 |
|
|a Ayesha Abed Library
|j General Stacks
|
| 942 |
0 |
0 |
|2 ddc
|c BK
|
| 952 |
|
|
|0 0
|1 0
|2 ddc
|4 0
|6 346_549202000000000_CON
|7 0
|9 64912
|a BRACUL
|b BRACUL
|c GEN
|d 2019-01-06
|e Development Book Agency
|g 200.00
|l 1
|m 16
|o 346.549202 CON
|p 3010034210
|r 2023-05-31
|s 2023-02-02
|t 1
|v 200.00
|w 2019-01-06
|y BK
|
| 952 |
|
|
|0 0
|1 0
|2 ddc
|4 0
|6 346_549202000000000_CON
|7 0
|9 64913
|a BRACUL
|b BRACUL
|c GEN
|d 2019-01-06
|e Development Book Agency
|g 200.00
|l 1
|m 16
|o 346.549202 CON
|p 3010034211
|r 2025-02-04
|s 2024-10-08
|t 2
|v 200.00
|w 2019-01-06
|y BK
|x Koha Inventory 2020
|